Global trends 2015 : a dialogue about the future with nongovernment experts /

Major conferences cosponsored by the NIC with other government and private centers in support of Global Trends 2015 included: Foreign Reactions to the Revolution in Military Affairs (Georgetown University), Evolution of the Nation-State (University of Maryland), Trends in Democratization (CIA and ac...

Full description

Bibliographic Details
Corporate Author: National Intelligence Council (U.S.)
Format: Government Document eBook
Language:English
Published: [Langley, Va.] : The Council, [2000]
Subjects:
Online Access:Text version
PDF version

MARC

Tag First Indicator Second Indicator Subfields
LEADER 00000cam a2200000 a 4500
001 in00002447430
005 20151110064739.0
006 m d f
007 cr mn|||||||||
008 010926s2000 vauab f000 0 eng d
010 |a  2001387796 
019 |a 45591844  |a 47362314 
029 1 |a NLGGC  |b 228794323 
029 1 |a NLGGC  |b 30192869X 
029 1 |a NZ1  |b 6537935 
029 1 |a AU@  |b 000023083241 
035 |a (OCoLC)ocm45767854 
037 |a NIC2000-02  |b National Intelligence Council 
037 |a 041-015-00211-2  |b Supt. of Docs., U.S. Govt. Print. Off., Washington, D.C., 20402 
040 |a WNC  |c WNC  |d DLC  |d NDU  |d AFQ  |d GAO  |d GPO  |d UDI  |d DPL  |d BTCTA  |d DOS  |d GPO  |d MvI  |d UtOrBLW 
042 |a lccopycat 
043 |a n-us--- 
049 |a WWW 
050 0 0 |a CB161  |b .G58 2000 
074 |a 0856-A-02 (online) 
082 0 0 |a 303.49/09/051  |2 21 
086 0 |a PREX 3.2:2001006939 
088 |a NIC 2000-02 
245 0 0 |a Global trends 2015 :  |b a dialogue about the future with nongovernment experts /  |c prepared under the direction of the National Intelligence Council. 
264 1 |a [Langley, Va.] :  |b The Council,  |c [2000] 
300 |a [vi], 86 pages, 4 color folded leaves :  |b color illustrations, color maps ;  |c 28 cm. 
336 |a text  |b txt  |2 rdacontent 
337 |a computer  |b c  |2 rdamedia 
338 |a online resource  |b cr  |2 rdacarrier 
500 |a "This paper was approved for publication by the National Foreign Intelligence Board under the authority of the Director of Central Intelligence." 
500 |a "December 2000." 
500 |a "NIC 2000-02." 
520 |a Major conferences cosponsored by the NIC with other government and private centers in support of Global Trends 2015 included: Foreign Reactions to the Revolution in Military Affairs (Georgetown University), Evolution of the Nation-State (University of Maryland), Trends in Democratization (CIA and academic experts), American Economic Power (Industry & Trade Strategies, San Francisco, CA), Transformation of Defense Industries (International Institute for Strategic Studies, London, UK), Alternative Futures in War and Conflict (Defense Intelligence Agency and Naval War College, Newport, RI, and CIA), Out of the Box and Into the Future: A Dialogue Between Warfighters and Scientists on Far Future Warfare (Potomac Institute, Arlington, VA), Future Threat Technologies Symposium (MITRE Corporation, McLean, VA), The Global Course of the Information Revolution: Technological Trends (RAND Corporation, Santa Monica, CA), The Global Course of the Information Revolution: Political, Economic, and Social Consequences (RAND Corporation, Santa Monica, CA), The Middle East: The Media, Information Technology, and the Internet (The National Defense University). Fort McNair, Washington, DC), Global Migration Trends and Their Implications for the United States (Carnegie Endowment for International Peace, Washington, DC), and Alternative Global Futures: 2000-2015 (Department of State/Bureau of Intelligence and Research and CIA's Global Futures Project). 
538 |a Mode of access: Internet via the CIA web site. Address as of 2/2/2001: http://www.cia.gov/cia/publications/globaltrends2015/globaltrends2015.pdf ; current access available via PURL. 
530 |a Available via Internet from the CIA web site. Address as if 03/21/02: http://www.cia.gov/cia/publications/globaltrends2015/globaltrends2015.pdf ; current access is available via PURLs. 
650 0 |a Twenty-first century  |v Forecasts. 
650 0 |a National security  |z United States  |x Forecasting. 
650 0 |a World politics  |y 21st century  |x Forecasting. 
650 0 |a International relations  |x Forecasting. 
650 0 |a Population forecasting. 
650 0 |a Technological innovations  |x Forecasting. 
650 0 |a Natural resources  |x Forecasting. 
650 0 |a Economic forecasting. 
651 0 |a United States  |x Foreign relations  |y 2001-2009  |x Forecasting. 
710 2 |a National Intelligence Council (U.S.) 
856 4 1 |3 Text version  |u http://www.dni.gov/nic/NIC%5Fglobaltrend2015.html  |t 0 
856 4 1 |3 PDF version  |u http://www.dni.gov/nic/PDF%5FGIF%5Fglobal/globaltrend2015.pdf  |t 0 
999 |a MARS 
999 f f |s 394e8521-2c67-31d8-bd44-f2778a828a6d  |i 9497fe37-1cb7-3b76-b0d5-724493015168  |t 0 
952 f f |a Texas A&M University  |b College Station  |c Electronic Resources  |d Available Online  |t 0  |e PREX 3.2:2001006939  |h Superintendent of Documents classification 
998 f f |a PREX 3.2:2001006939  |t 0  |l Available Online